书目信息 |
| 题名: |
从肥皂泡到液晶生物膜
|
|
| 作者: | 欧阳钟灿 , 刘寄星 著 | |
| 分册: | ||
| 出版信息: | 长沙 湖南教育出版社 1994.8 |
|
| 页数: | 140页 | |
| 开本: | 20cm | |
| 丛书名: | 科学家谈物理 | |
| 单 册: | ||
| 中图分类: | Q73 | |
| 科图分类: | 58.1751 | |
| 主题词: | 液晶-生物膜 , 生物膜-液晶 | |
| 电子资源: | ||
| ISBN: | 7-5355-1955-5 | |
| 000 | 01104nam2 2200313 45 | |
| 001 | 0194043786 | |
| 005 | 20070724102712.20 | |
| 010 | @a7-5355-1955-5@dCNY5.50 | |
| 100 | @a19931213d1994 demy0chiy0121 ea | |
| 101 | 0 | @achi |
| 102 | @aCN@b430000 | |
| 105 | @ay z 000yy | |
| 200 | 10 | @a从肥皂泡到液晶生物膜@ACONG FEI ZAO PAO DAO YE JING SHENG WU MO@f欧阳钟灿,刘寄星著@FOU YANG ZHONG CAN , LIU JI XING ZHU |
| 210 | @a长沙@c湖南教育出版社@d1994.8 | |
| 215 | @a140页@d20cm | |
| 225 | 2 | @a科学家谈物理@h第二辑@f赵凯华主编 |
| 300 | @a并列题名:Soap bubbles liquid crystals and biomembrande | |
| 330 | @a本书包括:物理学与生物学关系浅谈、从肥皂泡到生物膜力学、膜的螺旋结构和倾斜手征膜理论等5章。 | |
| 410 | 0 | @120010@a科学家谈物理 |
| 510 | 1 | @aSoap bubbles liquid crystals and biomembrande@zeng |
| 540 | 1 | @a肥皂泡 生物膜@AFEI ZAO PAO SHENG WU MO |
| 606 | @a液晶-生物膜 | |
| 606 | @a生物膜-液晶 | |
| 690 | @aQ73@v三版 | |
| 692 | @a58.1751 | |
| 701 | 0 | @a欧阳钟灿@AOU YANG ZHONG CAN@4著 |
| 701 | 0 | @a刘寄星@ALIU JI XING@4著 |
| 801 | 0 | @aCN@bTSSF@c20070724 |
| 905 | @a10447@dQ73@e139 | |
| 从肥皂泡到液晶生物膜/欧阳钟灿,刘寄星著.-长沙:湖南教育出版社,1994.8 |
| 140页;20cm.-(科学家谈物理.第二辑/赵凯华主编) |
| 并列题名:Soap bubbles liquid crystals and biomembrande |
| ISBN 7-5355-1955-5:CNY5.50 |
| 本书包括:物理学与生物学关系浅谈、从肥皂泡到生物膜力学、膜的螺旋结构和倾斜手征膜理论等5章。 |
| ● |
| 相关链接 |
|
|
|
|
正题名:从肥皂泡到液晶生物膜
索取号:Q73/139
 
预约/预借
| 序号 | 登录号 | 条形码 | 馆藏地/架位号 | 状态 | 备注 |
| 1 | 0770532 | 207705321 | 第二样本阅览室/ [索取号:Q73/139] | 在馆 |